000
00261nam a22001217a 4500
008
181217b xxu||||| |||| 00| 0 eng d
041
_a
eng
080
_a
616.073
100
_a
6
101
_a
GJEN
245
_a
Human Genetics
_c
McKusick, V.A
942
_2
udc
_c
BK
999
_c
53300
_d
53300